|
|
|
|
| LEADER |
00000ny a22000003n 4500 |
| 005 |
20110623172539.0 |
| 008 |
100806s2010 sp r 000 0|spa d |
| 020 |
|
|
|a 9788498364958
|
| 035 |
|
|
|a 4986
|
| 040 |
|
|
|a BUS
|d vlex
|
| 040 |
|
|
|d vlex
|
| 090 |
|
|
|c 1087
|d 1087
|
| 100 |
1 |
|
|a Gm̤ez Galligo, Francisco Javier
|
| 245 |
1 |
0 |
|a Anales de la Academia Sevillana del Notariado
|h [Recurso electrn̤ico]
|p Tomo 18:
|b Conferencias del curso acadm̌ico 2006-2007 /
|c Carmen Přez de Ontiveros Baquero, Valerio Přez de Madrid Carreras
|
| 256 |
|
|
|a Servicio en ln̕ea
|
| 260 |
|
|
|a Sevilla :
|b Academia Sevillana del Notariado,
|c 2010
|
| 506 |
1 |
|
|a Contenido solo disponible en los productos indicados
|d vLex Global
|d vLex Global (Academic Edition, excluding Law Schools)
|d vLex Global (U.S. Academic Edition, Law Schools)
|d vLex Global (U.S. Academic Edition, excluding Law Schools)
|d vLex Global (Academic Edition, Law Schools)
|
| 650 |
0 |
4 |
|a Derecho civil
|2 Tesauro vLex
|
| 650 |
0 |
4 |
|a Derecho mercantil
|2 Tesauro vLex
|
| 650 |
0 |
4 |
|a Jurisdiccin̤ voluntaria
|2 Tesauro vLex
|
| 650 |
0 |
4 |
|a Notariado
|2 Tesauro vLex
|
| 700 |
1 |
|
|a Tena Arregi, Rodrg̕o,
|e coaut.
|
| 710 |
2 |
|
|a Academia Sevillana del Notariado
|
| 740 |
0 |
|
|a vLex Libros (Servicios en ln̕ea)
|
| 856 |
4 |
0 |
|z Acceso restringido
|u http://vlex.com/source/anales-academia-sevillana-notariado-tomo-xviii-conferencias-2006-2007-4986
|
| 942 |
|
|
|c BOOK
|